Total Drama Characters - Statistics

General Stats
  • This quiz has been taken 109 times
    99 since last reset
  • The average score is 21 of 25
Answer Stats
Hint Answer % Correct
. Gwen
96%
. Owen
93%
. Duncan
91%
Courtney
89%
. Ezekiel
89%
Heather
89%
. Izzy
89%
. Lindsay
89%
Eva
87%
Beth
85%
. Bridgette
85%
. Cody
85%
Noah
85%
Justin
83%
Katie
83%
Sadie
83%
. Tyler
83%
. Harold
81%
. Leshawna
81%
DJ
80%
. Geoff
80%
Trent
74%
. Alejandro
72%
. Sierra
70%
. Blaineley
52%
No matching quizzes found
Score Distribution
Percent of People with Each Score
Percentile by Number Answered
Your Score History
You have not taken this quiz since the last reset